Statistics for A Tricky Countdown #7

Click here to take the quiz!

General Stats

  • This quiz has been taken 14 times
  • The average score is 5 of 5

Answer Stats

#% Correct
62
100%
81
100%
24
92%
43
92%
5
69%

Score Distribution

Percentile by Number Answered

Percent of People with Each Score

Your Score History

You have not taken this quiz